000 00667nam a2200205Ii 4500
003 JO-AjNU
008 230605s9999||||xx |||||||||||||| ||und||
040 _aJO-AjNU
_bara
_erda
_cJO-AjNU
041 _aara
050 1 4 _aPJ7507.M8 1975
100 3 _aعبد الله، محمد حسن,
_eauthor
_917120
245 0 0 _aمقدمة في النقد الأدبي
250 _aط1
264 3 1 _aالكويت: دار البحوث العلمية، 1975
300 _a598ص
336 _atext
_btxt
_2rdacontent
337 _aunmediated
_bn
_2rdamedia
338 _avolume
_bnc
_2rdacarrier
650 4 _aالنقد الادبي-مقدمة في النقد الادبي
_917121
999 _aA5221
_c8789
_d8789